Statistics for England Women's football players

Click here to take the quiz!

General Stats

  • This quiz has been taken 939 times
  • The average score is 16 of 37

Answer Stats

HintAnswer% Correct
DFLucy Bronze
89%
GKMary Earps
87%
DFLeah Williamson
86%
DFMillie Bright
81%
FWEllen White
80%
MFJill Scott
79%
MFKeira Walsh
76%
FWBeth Mead
74%
MFGeorgia Stanway
71%
DFRachel Daly
69%
GKEllie Roebuck
68%
DFAlex Greenwood
64%
MFFara Williams
61%
MFJordan Nobbs
60%
FWFran Kirby
56%
FWNikita Parris
55%
FWLauren Hemp
53%
FWChloe Kelly
50%
DFSteph Houghton
50%
DFDemi Stokes
43%
GKCarly Telford
41%
GKKaren Bardsley
36%
MFKaren Carney
27%
FWJodie Taylor
25%
FWToni Duggan
24%
MFLucy Staniforth
22%
GKSandy MacIver
20%
MFJade Moore
15%
DFAbbie McManus
14%
GKSiobhan Chamberlain
12%
MFIsobel Christiansen
11%
DFGemma Bonner
7%
DFHannah Blundell
7%
DFGabrielle George
6%
FWMelissa Lawley
6%
FWChioma Ubogagu
4%
FWLauren Bruton
2%

Score Distribution

Percentile by Number Answered

Percent of People with Each Score

Your Score History

You have not taken this quiz